Text Message Acronyms Quiz - Statistics

General Stats
  • This quiz has been taken 93 times
  • The average score is 16 of 20
Answer Stats
Hint Answer % Correct
IDK I don’t know
100%
IDC I don’t care
95%
BRB Be right back
92%
BTW By the way
92%
IRL In real life
92%
LOL Laugh out loud
91%
RN Right now
91%
TBH To be honest
90%
FYI For your information
87%
WYD What you doing
86%
IKR I know right
85%
JK Just kidding
85%
HRU How are you
78%
TTYL Talk to you later
77%
HBU How about you
76%
IMO In my opinion
76%
SMH Shaking my head
67%
ROFL Rolling on the floor laughing
59%
TLDR Too long didn’t read
38%
OMY On my way
37%
No matching quizzes found
Score Distribution
Percent of People with Each Score
Percentile by Number Answered
Your Score History
You have not taken this quiz